| 000 | 00559nam a2200205Ia 4500 | ||
|---|---|---|---|
| 005 | 20240402091601.0 | ||
| 008 | 131103s9999 xx 000 0 und d | ||
| 020 | _a194421252 | ||
| 040 | _aLoreto College | ||
| 041 | _aEnglish | ||
| 082 |
_a420.7 _bBRU |
||
| 245 | 4 |
_aThe communicative approach to language teaching _cedited by C.J.Brumfit and K.Johnson |
|
| 260 |
_aOxford _bELBS _c1979 |
||
| 300 | _aix,243p. | ||
| 504 | _aIncludes reference & index | ||
| 650 | _aEnglish language | ||
| 700 | _aBrumfit, C.J.; ed. | ||
| 850 | _aLCBED | ||
| 942 | _cBK | ||
| 999 |
_c27516 _d77995 |
||